000 00415nam a22001697a 4500
005 20180718152844.0
008 160525b xxu||||| |||| 00| 0 eng d
020 _a81-7446-348-8
041 _aeng
082 _b4791
_a658.1599
100 _aVij, Madhu
_91191
245 _aInternational Financial Mgt.
260 _aNew Delhi
_bAcademic Faundation
300 _a644p,
650 _aManagement
_9241
942 _cBK
999 _c1628
_d1627